| 000 | 00390nam a2200109Ia 4500 | ||
|---|---|---|---|
| 008 | 171204s9999 xx 000 0 und d | ||
| 245 | _aVisual Content Marketing: Leveraging Infographics, Video, and Interactive Media to Attract and Engage Customers | ||
| 245 | _cStephen Gamble | ||
| 260 | _c2016 | ||
| 650 | _xPRINCIPLES OF MARKETING | ||
| 856 | _uhttp://down.ebook777.com/054/1119157439.pdf | ||
| 999 |
_c345753 _d345753 |
||